| 000 | 01937 a2200241 4500 | ||
|---|---|---|---|
| 001 | 29392 | ||
| 005 | 20260407155603.0 | ||
| 008 | 260407a2007 arg spa d | ||
| 003 | AR-UNSa-BCEJYS | ||
| 040 |
_aAR-UNSa-BCEJYS _bspa _cAR-UNSa-BCEJYS |
||
| 080 |
_a347 _xDerecho Civil |
||
| 245 | 1 | 0 |
_aInstituciones de derecho civil _pparte general |
| 020 | _a978-950-20-1777-8 | ||
| 250 | _a4a. ed. | ||
| 264 | 1 |
_aBuenos Aires : _bAbeledo Perrot _c2007 |
|
| 300 |
_a2 v. (753; 1039 p.) _c23 cm. |
||
| 505 | _aVol. I: 1. Concepto, Evolución y función actual del derecho civil - 2. Fuentes del derecho civil - 3. Aplicación e interpretación de las normas - 4. Efectos de la ley con relación al tiempo - 5. La codificación del derecho civil - 6. Las relaciones jurídicas y los derechos subjetivos - 7. Las personas - 8. Las personas fisícas - 9. Las personas fisícas y los avances científicos (genética y derecho) - 10. La capacidad de las personas físicas - 11. Los menores de edad - 12. Dementes y sordomudos - 13. Los inhabilitados - 14. Situación jurídica de la mujer - 15. Estado civil - 16. El nombre de las personas físicas - 17. El domicilio -- Vol II: 18. Los derechos personalísimos - 19. Extinción de la persona física - 20. Las personas jurídicas - 21. Asociaciones y fundaciones - 22. El objeto de la relación jurídica - 23. El patrimonio - 24. Los hechos jurídicos - 25. Los actos jurídicos - 26. El negocio jurídico - 27. La forma de los negocios jurídicos - 28. Instrumentos públicos - 29. Instrumentos privados - 30. Los vicios del acto voluntario - 31. Lesión - 32. La simulación - 33. El fraude - 34. Ineficacia de los actos jurídicos | ||
| 041 | _aspa | ||
| 942 | _cBK | ||
| 590 | _aniveau_biblio:m niveau_hierar:0 | ||
| 100 | 1 | _aRivera, Julio César | |
| 856 | 4 | 1 |
_uhttps://biblioeco.unsa.edu.ar/pmb/images/libros/Instituciones de Derecho Civil-l117102.jpg _yImagen de portada _qimage/jpeg |
| 999 |
_c1854 _d1854 |
||